000
00328nam a2200133Ia 4500
005
20251222152710.0
008
251222s9999||||xx |||||||||||||| ||spa||
020
_a
8489167435
082
_a
646.7/G79
100
_a
Greciet Paredes, Paula
245
0
_a
Peluquería
264
_b
Ministerio de Educación y ciencia
942
_c
LIB
999
_c
29162
_d
29162